ბათუმის შოთა რუსთაველის სახელმწიფო უნივერსიტეტის ბიბლიოთეკა

გენეტიკა (ბიბ.ჩანაწერი № 36580)

000 -LEADER
fixed length control field 00559nam a2200205Ia 4500
001 - CONTROL NUMBER
control field 2499
003 - CONTROL NUMBER IDENTIFIER
control field GE_BSU
008 - FIXED-LENGTH DATA ELEMENTS--GENERAL INFORMATION
fixed length control field 181216s||||||||xx |||||||||||||| ||und||
040 ## - CATALOGING SOURCE
Transcribing agency GE_BSU
080 ## - UNIVERSAL DECIMAL CLASSIFICATION NUMBER
Universal Decimal Classification number 579.2(075.8)
100 ## - MAIN ENTRY--PERSONAL NAME
Personal name ივანოვა,ო.
245 ## - TITLE STATEMENT
Title გენეტიკა
250 ## - EDITION STATEMENT
Edition statement გრუსული გამოც. მე–2 გადამუშ.
260 ## - PUBLICATION, DISTRIBUTION, ETC.
Place of publication, distribution, etc. თბილისი
260 ## - PUBLICATION, DISTRIBUTION, ETC.
Name of publisher, distributor, etc. განათლება
260 ## - PUBLICATION, DISTRIBUTION, ETC.
Date of publication, distribution, etc. 1982
300 ## - PHYSICAL DESCRIPTION
Extent 528გვ.
653 ## - INDEX TERM--UNCONTROLLED
Uncontrolled term გენეტიკა
942 ## - ADDED ENTRY ELEMENTS (KOHA)
Koha item type წიგნი
ეგზემპლარები
Withdrawn status Lost status Damaged status Not for loan Date acquired Barcode Date last seen Price effective from Koha item type
        2018-12-17 1859 2018-12-17 2018-12-17 წიგნი
        2018-12-17 1860 2018-12-17 2018-12-17 წიგნი